Normal view
MARC view
Entry Personal Name
001 - CONTROL NUMBER
- control field: 817923
003 - CONTROL NUMBER IDENTIFIER
- control field: OSt
005 - DATE AND TIME OF LATEST TRANSACTION
- control field: 20250813162323.0
008 - FIXED-LENGTH DATA ELEMENTS
- fixed length control field: 250813|| aca||aabn | a|a d
040 ## - CATALOGING SOURCE
- Original cataloging agency: OSt
- Transcribing agency: OSt
100 ## - HEADING--PERSONAL NAME
- Personal name: Akif, Raza - Ur - Rahman
670 ## - SOURCE DATA FOUND
- Source citation: Work cat.: (OSt)1434759: Akif, Raza - Ur - Rahman, Sawanehi encyclopaedia, 2007.
